Remarks on the present system of road making, with observations (Record no. 113974)
[ view plain ]
| 000 -LEADER | |
|---|---|
| fixed length control field | 00576cam a22001935a 4500 |
| 001 - CONTROL NUMBER | |
| control field | L156007 |
| 008 - FIXED-LENGTH DATA ELEMENTS--GENERAL INFORMATION | |
| fixed length control field | 120424s1820 xxk f 000 0 eng d |
| 035 ## - SYSTEM CONTROL NUMBER | |
| System control number | (Sirsi) u156007 |
| 041 0# - LANGUAGE CODE | |
| Language code of text/sound track or separate title | eng |
| 100 1# - MAIN ENTRY--PERSONAL NAME | |
| Personal name | McAdam, John Loudon |
| 245 00 - TITLE STATEMENT | |
| Title | Remarks on the present system of road making, with observations |
| 250 ## - EDITION STATEMENT | |
| Edition statement | 3rd ed. |
| 260 ## - PUBLICATION, DISTRIBUTION, ETC. | |
| Place of publication, distribution, etc. | London |
| Name of publisher, distributor, etc. | Longman, Hurst, Rees, Orme and Brown |
| Date of publication, distribution, etc. | 1820 |
| 300 ## - PHYSICAL DESCRIPTION | |
| Extent | 196 p. |
| Dimensions | 22 cm. |
| 583 ## - ACTION NOTE | |
| Action | Condition reviewed |
| Time/date of action | 20120620 |
| Status | condition level 1 |
| 651 #4 - SUBJECT ADDED ENTRY--GEOGRAPHIC NAME | |
| Geographic name | Great Britain |
| Chronological subdivision | 1707- |
| 690 ## - LOCAL SUBJECT ADDED ENTRY--TOPICAL TERM (OCLC, RLIN) | |
| Topical term or geographic name as entry element | Infrastructure |
| 9 (RLIN) | 6246 |
| 942 ## - ADDED ENTRY ELEMENTS (KOHA) | |
| Suppress in OPAC | 0 |
| Withdrawn status | Lost status | Damaged status | Not for loan | Home library | Current library | Shelving location | Date acquired | Total Checkouts | Full call number | Barcode | Date last seen | Copy number | Price effective from | Koha item type |
|---|---|---|---|---|---|---|---|---|---|---|---|---|---|---|
| Historic collection | Historic collection | Historic collection | 24/04/2012 | INFRASTRUUCTURE QUARTO 1820 MCADAM | 30077880 | 27/08/2025 | 1 | 06/08/2019 | Book |